Capacitación previsional y formación de monitores para trabajadores de oficios patrimoniales

Na minha lista:
Detalhes bibliográficos
Autor Corporativo: Subsecretaría de Previsión Social (Autor)
Formato: Livro
Idioma:espanhol
Publicado em: Santiago Subsecretaría de Previsión Social 2012
Edição:1a. ed
Assuntos:
Tags: Adicionar Tag
Sem tags, seja o primeiro a adicionar uma tag!

MARC

LEADER 00000cam a2200000 a 4500
001 UCF8426
003 CL-VaPUC
008 130829e20120900cl |||||||||||||||||spa|d
082 0 4 |a 658.3124  |b SUB  |2 21 
110 2 |a Subsecretaría de Previsión Social  |e author  |9 570501 
245 1 0 |a Capacitación previsional y formación de monitores para trabajadores de oficios patrimoniales 
250 |a 1a. ed 
300 |a 60 p 
942 |c BK 
945 |d 20130829 16:45:00  |a dcastane 
260 |a Santiago  |b Subsecretaría de Previsión Social  |c 2012 
650 7 |a CAPACITACION Y EMPLEO  |2 CL-VaPUC  |9 433201 
650 0 |a Capital humano   |9 260441 
650 7 |a METODOS DE CAPACITACION  |2 CL-VaPUC  |9 339159 
650 7 |a MONITORES  |2 CL-VaPUC  |9 369979 
583 |a last modification  |c 20130829 16:45:00  |k Rodrigo Vera 
999 |c 352998  |d 352996